000 00359nam a2200145Ia 4500
008 230917s9999||||xx |||||||||||||| ||und||
040 _e141599
_aMAIN
041 _aEnglish
082 _a910.02 G862N
100 _aGregory, K.J.
245 0 _aNature of physical geography
260 _aGreat Britain
_bEdward Arnold
_c1985
300 _a262p p.
942 _cBK
999 _c51782
_d51782